00437nam a2200133 4500008004100000022001300041245005000054260005400104300001000158650002000168942000700188952009300195999001500288240219b |||||||| |||| 00| 0 eng d a19972997 aEthics in action-Vol. 3, no. 5 (October 2009) aHong Kong :bAsian human rights commission,c2009 b32 p. aIslam -- Ethics cCR 00102ddc4070aMAINbMAINd2024-02-19l0o174 ETHpRAF5054r2024-02-19w2024-02-19yCR c4771d4771